LDR 00606naa#a2200169#i#450# 001 EN\\bibl\122321 005 20260604120321.4 011 ## _a1998-6785 100 ## _a20230921b2023####ek#y0engy0150####ca 102 ## _aRU 200 1# _aThe "material turn" in the informal economy: China's Presence in Siberian Agriculture _eJournal article 210 1# _aVladivostok _cVladivostok State University _d2023 215 ## _a11 с. 608 ## _aJournal article _2local 675 ## _aФормы организаций и сотрудничества в экономике. 334 _z 700 #1 _aKoreshkova _gIuliia O. 856 4# _avvgu.editorum.ru _u